Countries of the Dutch Empire - Statistics

General Stats
  • This quiz has been taken 77 times
  • The average score is 9 of 16
Answer Stats
Answer % Correct
Indonesia
91%
Belgium
85%
Suriname
82%
Luxembourg
77%
The Netherlands
77%
United States
71%
South Africa
69%
France (French Guiana)
68%
Guyana
57%
India
57%
Brazil
55%
Sri Lanka
45%
Taiwan
32%
Ghana
22%
Ivory Coast
20%
Mauritius
20%
No matching quizzes found
Score Distribution
Percent of People with Each Score
Percentile by Number Answered
Your Score History
You have not taken this quiz